000 00692nam a2200169 a 4500
003 0
005 20250422104216.0
008 060725s19uu xx 00 eng d
050 _aPHS R 726
_b.C37 2006
100 _aCaro, Patricia Giselle A.
245 _aPerceptions of doctors in Las Piñas Doctor's Hospital and University of Perpetual Help Rizal on the legalization of euthanasia /
_cPatricia Geselle A. Caro.
260 _aLas Piñas City, Philippines :
_bSouthville International School and Colleges,
_c2006.
300 _a25 pages :
_billustrations ;
_c28 cm.
504 _aIncludes bibliographical references.
650 _aEuthanasia
_zPhilippines
_xPublic opinion.
942 _2lcc
_cPASS
999 _c97581
_d97581